Hello, My Name Is... 'V' Quiz Stats

 Plays Quiz Updated Nov 20, 2019

Score 0/20 Timer 04:00
0 Plays Today
% Correct
Vin Diesel
98.9%
Vince Vaughn
92.8%
Venus Williams
90%
Val Kilmer
85.8%
Victor Garber
76.2%
Vanessa Hudgens
68%
Vincent Price
65.3%
Victoria Beckham
65.3%
Valerie Harper
64.5%
Viggo Mortensen
54%
% Correct
Vanna White
50.6%
Vicki Lawrence
49.2%
Vivian Vance
48.4%
Viola Davis
48.2%
Verne Troyer
46.3%
Veronica Lake
44.8%
Ving Rhames
44.5%
Vinnie Jones
37.7%
Vera Farmiga
36.3%
Vivica A. Fox
25.2%

You're not logged in!

Compare scores with friends on all Sporcle quizzes.
OR
Log In

Sporcle TV

Today on Sporcle TV


Watch our educational content, quiz creation guides, and fun videos on Sporcle TV.

Show Comments

Extras

Top Quizzes Today


Score Distribution

Your Account Isn't Verified!

In order to create a playlist on Sporcle, you need to verify the email address you used during registration. Go to your Sporcle Settings to finish the process.

Report this User

Report this user for behavior that violates our Community Guidelines.

Details: